000 00424nam a22001337a 4500
999 _c515521
_d515521
008 210130b ||||| |||| 00| 0 eng d
100 _aHasan, Mohibbul
_924002
245 _aBritish policy towards Kashmir and the glancy commission
260 _aSocial Scientist
300 _a48(7-8), Jul-Aug, 2020: p.3-16
773 _aSocial Scientist
906 _aINDIA - JAMMU AND KASHMIR - POLITICS AND GOVERNMENT
942 _cAR